000 00554nam a2200157 a 4500
008 120416s1980 ||||||||||||||||| || u
050 _aHD 58.7 Min
100 _aMiner, John B
245 1 0 _aTheories of organizational behaviour
260 _aHinsdale, Ill.
_bDryden Press
_c(1980)
300 _ax, 435p. : ill
350 _a0.00
650 0 _aMANAGEMENT
650 _aORGANIZATIONAL BEHAVIOUR
995 _D0.00
_FCBU-MAIN LIBRARY (Kitwe)
_H1
_I0.00
_M1
_UAVAILABLE
_ZMain Library Open Access Collection
999 _c59735
_d59735